[Event "4NCL/Div1/BG2-MM"]
[Site "Rd11-Birmingham"]
[Date "2001.05.07"]
[Round "11.4"]
[White "Eames, Robert"]
[Black "Hennigan, Michael"]
[Result "1-0"]
[WhiteElo "2307"]
[BlackElo "2455"]
[PlyCount "63"]
[EventDate "2001.05.07"]

1. e4 c5 2. Nf3 Nc6 3. d4 cxd4 4. Nxd4 Nf6 5. Nc3 d6 6. Bc4 e6 7. Be3 a6 8. Qe2
Qc7 9. Bb3 Na5 10. O-O-O b5 11. g4 Nxb3+ 12. axb3 b4 13. Na4 Nxe4 14. f4 Bb7
15. f5 e5 16. Nf3 d5 17. Bb6 Qd6 18. g5 Be7 19. Rhg1 O-O 20. f6 Bd8 21. fxg7
Re8 22. Bxd8 Raxd8 23. Nh4 Bc8 24. Qh5 Re7 25. Rdf1 Qc7 26. g6 fxg6 27. Nxg6
Rxg7 28. Nxe5 Qa7 29. Nb6 Nd6 30. Nc6 Qxb6 31. Rxg7+ Kxg7 32. Qe5+ 1-0

[Event "4NCL/Div1/BG2-MM"]
[Site "Rd11-Birmingham"]
[Date "2001.05.07"]
[Round "11.5"]
[White "Mestel, Jonathan"]
[Black "Naylor, John"]
[Result "1-0"]
[WhiteElo "2488"]
[BlackElo "2237"]
[PlyCount "63"]
[EventDate "2001.05.07"]

1. c4 g6 2. Nc3 Bg7 3. d4 d6 4. e4 Nf6 5. f3 O-O 6. Bg5 c5 7. d5 h6 8. Be3 e6
9. Qd2 exd5 10. cxd5 Re8 11. Nge2 a6 12. a4 Nbd7 13. Nc1 Rb8 14. Be2 Ne5 15.
Bxh6 Nxe4 16. Nxe4 Qh4+ 17. g3 Qxh6 18. Qxh6 Bxh6 19. Nf6+ Kf8 20. Nxe8 Kxe8
21. Kf2 Bg7 22. Na2 Bf5 23. Nc3 Nd3+ 24. Bxd3 Bxd3 25. Rad1 Bc4 26. Rhe1+ Kd7
27. Re4 b5 28. axb5 axb5 29. Rde1 Bf6 30. Rf4 Bd4+ 31. Kg2 f6 32. Rh4 1-0

[Event "4NCL/Div1/BG2-MM"]
[Site "Rd11-Birmingham"]
[Date "2001.05.07"]
[Round "11.6"]
[White "Ledger, David"]
[Black "McDonald, Neil"]
[Result "1/2-1/2"]
[WhiteElo "2285"]
[BlackElo "2436"]
[PlyCount "143"]
[EventDate "2001.05.07"]

1. e4 e6 2. d4 d5 3. Nc3 Bb4 4. e5 c5 5. a3 Ba5 6. b4 cxd4 7. Nb5 Bc7 8. f4 Ne7
9. Nf3 Bd7 10. Nbxd4 Nbc6 11. Bd3 Nxd4 12. Nxd4 Bb6 13. Be3 a6 14. O-O g6 15.
Kh1 h5 16. Qf3 Nc6 17. Nb3 Ne7 18. Nc5 Bxc5 19. Bxc5 Bb5 20. Rfd1 Bxd3 21. Qxd3
b6 22. Bxe7 Qxe7 23. c4 dxc4 24. Qxc4 O-O 25. Rd6 b5 26. Qd3 Rfc8 27. Rd1 Rc4
28. Qg3 Rac8 29. h3 {(=)} Rc3 30. R1d3 Rxd3 31. Rxd3 Rc1+ 32. Kh2 Qa7 33. Qe3
Qxe3 34. Rxe3 h4 35. Rd3 Ra1 36. Rf3 Kf8 37. Rd3 Ke7 38. Rf3 Ra2 39. Kg1 Rc2
40. Kf1 Kd7 41. Rd3+ Kc7 42. Kg1 Rc4 43. Rd6 Rxf4 44. Rxa6 Rf5 45. Ra7+ Kc6 46.
Re7 Kd5 47. Rb7 Kc4 48. Rd7 g5 49. Rb7 Kb3 50. Rxb5 Kxa3 51. Rb7 Ka4 52. g3 Rf3
53. gxh4 gxh4 54. Kg2 Rf5 55. b5 Ka5 56. Kg1 Rxe5 57. Rxf7 Kxb5 58. Kg2 Kc5 59.
Rh7 Re4 60. Kf3 Kd5 61. Rh5+ e5 62. Rf5 Ra4 63. Rf8 Ra3+ 64. Kg4 e4 65. Kxh4
Kd4 66. Kg4 Ra1 67. Rd8+ Ke3 68. h4 Rg1+ 69. Kf5 Kf3 70. h5 e3 71. Re8 e2 72.
h6 1/2-1/2

[Event "4NCL/Div1/BG2-MM"]
[Site "Rd11-Birmingham"]
[Date "2001.05.07"]
[Round "11.7"]
[White "Bellin, Robert"]
[Black "Pert, Richard"]
[Result "1/2-1/2"]
[WhiteElo "2361"]
[BlackElo "2264"]
[PlyCount "34"]
[EventDate "2001.05.07"]

1. e4 c5 2. Nf3 d6 3. Bb5+ Nd7 4. d4 Ngf6 5. e5 Qa5+ 6. Nc3 Ne4 7. Bd2 Nxc3 8.
Bxd7+ Bxd7 9. Bxc3 Qa6 10. d5 Bg4 11. h3 Bh5 12. Qe2 Qxe2+ 13. Kxe2 dxe5 14.
Bxe5 O-O-O 15. c4 f6 16. Bh2 Bf7 17. Rhd1 e6 1/2-1/2

[Event "4NCL/Div1/BG2-MM"]
[Site "Rd11-Birmingham"]
[Date "2001.05.07"]
[Round "11.8"]
[White "Tidman, Sophie"]
[Black "Bellin, Jana"]
[Result "0-1"]
[WhiteElo "2003"]
[BlackElo "2187"]
[PlyCount "98"]
[EventDate "2001.05.07"]

1. e4 c5 2. Nf3 e6 3. d4 cxd4 4. Nxd4 a6 5. Bd3 Nf6 6. O-O d6 7. c4 g6 8. Nc3
Bg7 9. Qe2 O-O 10. Nf3 Nbd7 11. Rd1 Qc7 12. Bf4 Nh5 13. Be3 b6 14. Rac1 Bb7 15.
b3 Nhf6 16. Bb1 Rac8 17. Qd2 Ne8 18. Bh6 Ndf6 19. Bxg7 Kxg7 20. Nd4 Ba8 21. Kh1
Qb7 22. Qg5 Rc5 23. Qg3 Nh5 24. Qe3 Nef6 25. f3 Kg8 26. Nde2 Rc6 27. Rd2 b5 28.
cxb5 axb5 29. Rcd1 b4 30. Na4 d5 31. Qg5 Rcc8 32. Nf4 Nxf4 33. Qxf6 Qb8 34.
exd5 {(=)} Nxd5 35. Qd4 Bc6 36. Nb2 Nc3 37. Re1 Rfd8 38. Qf2 Rxd2 39. Qxd2 Rd8
40. Qf2 Qf4 41. Nc4 Bb5 42. Qc5 Bxc4 43. bxc4 Qd2 44. Rf1 Qe2 45. Qg1 Qxc4 46.
Qf2 Rd2 47. Qe1 Rd1 48. Qxd1 Nxd1 49. Rxd1 Qe2 0-1

[Event "4NCL/Div1/GUI1-SLO1"]
[Site "Rd11-Birmingham"]
[Date "2001.05.07"]
[Round "11.1"]
[White "Conquest, Stuart"]
[Black "Summerscale, Aaron"]
[Result "1/2-1/2"]
[WhiteElo "2563"]
[BlackElo "2506"]
[PlyCount "35"]
[EventDate "2001.05.07"]

1. e4 e6 2. d4 d5 3. Nd2 c5 4. Ngf3 Nf6 5. e5 Nfd7 6. c3 Nc6 7. Bd3 Be7 8. O-O
g5 9. b4 cxd4 10. cxd4 Nxb4 {(=)} 11. Bb1 b6 12. a3 Nc6 13. Nb3 Ba6 14. Re1 Bc4
15. Be3 b5 16. Nfd2 h5 17. Bc2 a5 18. Nxc4 1/2-1/2

[Event "4NCL/Div1/GUI1-SLO1"]
[Site "Rd11-Birmingham"]
[Date "2001.05.07"]
[Round "11.2"]
[White "Wells, Peter"]
[Black "Rowson, Jonathan"]
[Result "1/2-1/2"]
[WhiteElo "2522"]
[BlackElo "2505"]
[PlyCount "35"]
[EventDate "2001.05.07"]

1. d4 Nf6 2. c4 e6 3. Nf3 b6 4. e3 Bb7 5. Nc3 Bb4 6. Bd3 Ne4 7. O-O f5 8. Ne2
O-O 9. Ne1 Nc6 10. f3 Nf6 11. a3 Bd6 12. b4 Qe8 13. Nc2 Qh5 14. Nf4 Qh6 {(=)}
15. Nh3 Qh5 16. Nf4 Qh6 17. Nh3 Qh5 18. Nf4 1/2-1/2

[Event "4NCL/Div1/GUI1-SLO1"]
[Site "Rd11-Birmingham"]
[Date "2001.05.07"]
[Round "11.3"]
[White "Plaskett, James"]
[Black "Spraggett, Kevin"]
[Result "1/2-1/2"]
[WhiteElo "2461"]
[BlackElo "2526"]
[PlyCount "25"]
[EventDate "2001.05.07"]

1. e4 c5 2. Nf3 e6 3. d4 cxd4 4. Nxd4 a6 5. Nd2 d6 6. Bd3 Nf6 7. O-O Nbd7 8. c3
Nc5 9. Bc2 e5 10. N4b3 Na4 11. Nd4 Nc5 12. N4b3 Na4 13. Nd4 1/2-1/2

[Event "4NCL/Div1/GUI1-SLO1"]
[Site "Rd11-Birmingham"]
[Date "2001.05.07"]
[Round "11.4"]
[White "Kosten, Anthony"]
[Black "Gormally, Daniel"]
[Result "1-0"]
[WhiteElo "2524"]
[BlackElo "2492"]
[PlyCount "95"]
[EventDate "2001.05.07"]

1. e4 c5 2. Nf3 Nc6 3. d4 cxd4 4. Nxd4 g6 5. c4 Bg7 6. Be3 Nf6 7. Nc3 O-O 8.
Be2 b6 9. O-O Bb7 10. f3 e6 11. Qd2 d5 12. Nxc6 Bxc6 13. cxd5 exd5 14. e5 Ne8
15. f4 f6 16. Rad1 fxe5 17. Nxd5 Nc7 18. Nb4 Qxd2 19. Rxd2 Be8 20. fxe5 Rxf1+
21. Kxf1 Bxe5 22. Bf3 Bb5+ 23. Kg1 Re8 24. Nc6 Bxb2 25. Bf2 Ba3 26. Nxa7 Bc5
27. Bxc5 bxc5 28. Nxb5 Nxb5 29. Bc6 Re1+ 30. Kf2 Rb1 31. Rc2 Nd4 32. Bd5+ Kf8
33. Rxc5 Ke7 34. Ra5 Rb2+ 35. Ke3 Nf5+ 36. Kf4 Kf6 37. Ra6+ Kg7 38. Ra7+ Kh6
39. a4 Rb4+ 40. Ke5 Ne3 41. Bc6 Rb2 42. a5 Nxg2 43. a6 Ne3 44. Rc7 Rd2 45. Be4
Ra2 46. a7 Nc4+ 47. Kd4 Nd6 48. Bc6 1-0

[Event "4NCL/Div1/GUI1-SLO1"]
[Site "Rd11-Birmingham"]
[Date "2001.05.07"]
[Round "11.5"]
[White "Baker, Chris W"]
[Black "Kumaran, Dharshan"]
[Result "1/2-1/2"]
[WhiteElo "2372"]
[BlackElo "2505"]
[PlyCount "66"]
[EventDate "2001.05.07"]

1. e4 c6 2. d4 d5 3. Nd2 dxe4 4. Nxe4 Bf5 5. Ng3 Bg6 6. N1e2 e6 7. Nf4 Bd6 8.
c3 Ne7 9. h4 Qc7 10. Qf3 Nd7 11. h5 Bc2 12. Bc4 O-O-O 13. Bxe6 fxe6 14. Nxe6
Qa5 15. Nxd8 Rxd8 16. O-O Bxg3 17. fxg3 Rf8 18. Bf4 g5 19. Qe2 gxf4 20. Qxe7
Qxh5 21. Rxf4 Re8 22. Qd6 Bg6 23. Raf1 Qe2 24. R1f2 Qd1+ 25. Kh2 Re1 26. g4 Re8
27. c4 Qa4 28. b4 Qa6 29. d5 Ne5 30. Rf8 Nxg4+ 31. Kg3 Nxf2 32. Qe6+ Kd8 33.
Qd6+ Kc8 1/2-1/2

[Event "4NCL/Div1/GUI1-SLO1"]
[Site "Rd11-Birmingham"]
[Date "2001.05.07"]
[Round "11.6"]
[White "McNab, Colin"]
[Black "Povah, Nigel"]
[Result "1-0"]
[WhiteElo "2403"]
[BlackElo "2359"]
[PlyCount "55"]
[EventDate "2001.05.07"]

1. c4 e5 2. Nc3 Nf6 3. Nf3 Nc6 4. a3 d5 5. cxd5 Nxd5 6. Qc2 Be6 7. e3 Nb6 8.
Bb5 Bd6 9. d4 Bd7 10. Ne4 Qe7 11. O-O O-O 12. Bd2 Nxd4 13. exd4 Bxb5 14. dxe5
Bxe5 15. Rfe1 Rfd8 16. Bg5 f6 17. Nxe5 fxg5 18. Qb3+ Kf8 19. Nxg5 Bc4 20. Nxh7+
Kg8 21. Nxc4 Qf7 22. Ng5 Qxc4 23. Qh3 Rd6 24. Qh7+ Kf8 25. Qh8+ Qg8 26. Ne6+
Kf7 27. Qh5+ g6 28. Qf3+ 1-0

[Event "4NCL/Div1/GUI1-SLO1"]
[Site "Rd11-Birmingham"]
[Date "2001.05.07"]
[Round "11.7"]
[White "Mason, Don"]
[Black "Houska, Jovanka"]
[Result "1/2-1/2"]
[WhiteElo "2286"]
[BlackElo "2368"]
[PlyCount "144"]
[EventDate "2001.05.07"]

1. e4 c6 2. d4 d5 3. exd5 cxd5 4. c4 Nf6 5. Nc3 e6 6. Nf3 Be7 7. Bd3 dxc4 8.
Bxc4 O-O 9. O-O Nc6 10. a3 b6 11. Qd3 Bb7 12. Rd1 Qd6 13. Bg5 Rfd8 14. Rac1
Rac8 15. Ba2 g6 16. Qe2 Nd5 17. Ne4 Qd7 18. Bxd5 exd5 19. Nf6+ Bxf6 20. Bxf6
Re8 21. Qd2 Qf5 22. Be5 Ba6 23. Re1 f6 24. Bd6 Qd7 25. Bg3 Re4 26. Rc3 Na5 27.
Rxc8+ Qxc8 28. Rc1 Qe8 29. Qb4 Bc4 30. h4 Nb3 31. Rd1 Qe6 32. Kh2 a5 33. Qc3
Qg4 34. Re1 Rxe1 35. Qxe1 Qe4 36. Qe3 Qxe3 37. fxe3 Kf7 38. a4 b5 39. axb5 Bxb5
40. Be1 Ke6 41. g4 h5 42. Kg3 hxg4 43. Kxg4 Be2 44. Kf4 Bxf3 45. Kxf3 Kf5 46.
Bc3 a4 47. Bb4 Nc1 48. Bd2 Nd3 49. Bc3 Nc1 50. Bd2 Nb3 51. Bb4 Na1 52. Bc3 Nc2
53. Bd2 a3 54. bxa3 Nxa3 55. Be1 Nc4 56. Bb4 g5 57. hxg5 fxg5 58. Be1 g4+ 59.
Ke2 Ke4 60. Bf2 Nd6 61. Be1 Nf5 62. Bf2 g3 63. Be1 g2 64. Kf2 Nxe3 65. Bd2 Kd3
66. Bc1 Nc2 67. Kxg2 Nxd4 68. Bb2 Ne2 69. Bh8 Ke3 70. Kf1 Nc1 71. Ke1 Nd3+ 72.
Kd1 Ke4 1/2-1/2

[Event "4NCL/Div1/GUI1-SLO1"]
[Site "Rd11-Birmingham"]
[Date "2001.05.07"]
[Round "11.8"]
[White "Buckley, Graeme"]
[Black "Yurenok, Maria"]
[Result "1-0"]
[WhiteElo "2374"]
[BlackElo "2076"]
[PlyCount "63"]
[EventDate "2001.05.07"]

1. d4 d5 2. c4 c6 3. Nf3 Nf6 4. Nc3 dxc4 5. a4 Bf5 6. Ne5 Nbd7 7. Nxc4 Qc7 8.
g3 e5 9. dxe5 Nxe5 10. Bf4 Nfd7 11. Bg2 f6 12. O-O Be6 13. Nxe5 Nxe5 14. a5 Rd8
15. Qc2 a6 16. Ne4 Be7 17. Nc5 Bxc5 18. Qxc5 Qe7 19. Qc3 Bf7 20. Ra4 O-O 21.
Be3 Qe6 22. Bb6 Rd7 23. Re4 Qb3 24. Qxb3 Bxb3 25. Bh3 Rd2 26. Bc5 Rfd8 27. f4
Ng6 28. Rb4 Bf7 29. Kf2 Rc2 30. Be3 Bc4 31. Rxc4 Rxc4 32. Be6+ 1-0

[Event "4NCL/Div1/RIC-BAR2"]
[Site "Rd11-Birmingham"]
[Date "2001.05.07"]
[Round "11.1"]
[White "Bezold, Michael"]
[Black "Collinson, Adam"]
[Result "1-0"]
[WhiteElo "2510"]
[BlackElo "2404"]
[PlyCount "84"]
[EventDate "2001.05.07"]

1. c4 e5 2. g3 Nf6 3. Bg2 c6 4. d4 exd4 5. Qxd4 Na6 6. Nh3 Bc5 7. Qe5+ Qe7 8.
Qxe7+ Bxe7 9. Nf4 Nb4 10. Kd1 Ng4 11. Nh3 O-O 12. Nc3 d6 13. Bd2 Be6 14. b3
Rfd8 15. f3 Nf6 16. Nf4 Bc8 17. h4 d5 18. a3 d4 19. Na4 Na6 20. Bh3 Bxh3 21.
Rxh3 b5 22. Nb2 bxc4 23. Nxc4 Nd5 24. Nd3 Nb6 25. Na5 Rac8 26. Rh1 Rd5 27. Kc2
c5 28. Nc4 Bf6 29. Rad1 Nc7 30. Rhe1 Rd7 31. Nxc5 Rd5 32. Nxb6 Rxc5+ 33. Nc4
Nd5 34. Kb1 a5 35. Bxa5 Rxa5 36. Nxa5 Nc3+ 37. Kc2 Nxd1+ 38. Kxd1 d3 39. Nc4
Bc3 40. Nd2 Rd8 41. exd3 g6 42. Kc2 Rc8 1-0

[Event "4NCL/Div1/RIC-BAR2"]
[Site "Rd11-Birmingham"]
[Date "2001.05.07"]
[Round "11.2"]
[White "Crouch, Colin"]
[Black "Wall, Gavin"]
[Result "1-0"]
[WhiteElo "2403"]
[BlackElo "2348"]
[PlyCount "91"]
[EventDate "2001.05.07"]

1. d4 f5 2. Bg5 g6 3. Nc3 Nh6 4. e4 Nf7 5. Be3 fxe4 6. f3 exf3 7. Nxf3 d5 8.
Qd2 Nc6 9. Bb5 Bg4 10. O-O Bg7 11. Ng5 O-O 12. Rxf7 Rxf7 13. h3 Bf5 14. g4 Bc8
15. Nxf7 Kxf7 16. Bxc6 bxc6 17. Na4 Kg8 18. Re1 e5 19. Bg5 Qd6 20. dxe5 Bxe5
21. Qe2 Bd4+ 22. Kg2 Bd7 23. c3 Bf6 24. Bxf6 Qxf6 25. Qe7 Qd6 26. Nc5 Re8 27.
Qxd6 cxd6 28. Rxe8+ Bxe8 29. Nb7 c5 30. Nxd6 Bc6 31. Nc8 Kf7 32. Nxa7 Bd7 33.
b4 d4 34. cxd4 cxb4 35. d5 Ke7 36. Nc6+ Bxc6 37. dxc6 Kd6 38. Kf3 Kxc6 39. Ke4
Kc5 {(=)} 40. g5 Kc4 41. Ke5 Kb5 42. Kd4 Kb6 43. h4 Kb5 44. Kd5 Ka4 45. Kc4 Ka5
46. Kc5 1-0

[Event "4NCL/Div1/RIC-BAR2"]
[Site "Rd11-Birmingham"]
[Date "2001.05.07"]
[Round "11.3"]
[White "Heidenfeld, Mark"]
[Black "Plueg, Andreas"]
[Result "1/2-1/2"]
[WhiteElo "2404"]
[BlackElo "2313"]
[PlyCount "82"]
[EventDate "2001.05.07"]

1. e4 c6 2. d4 g6 3. Bd3 Bg7 4. c3 d5 5. Nd2 Nh6 6. h3 O-O 7. Ngf3 Nd7 8. O-O
Re8 9. Re1 Qc7 10. e5 Nf8 11. g4 Bd7 12. Nh2 c5 13. f4 cxd4 14. cxd4 Qb6 15.
Nb3 f6 16. Be3 f5 17. Nc5 Bb5 18. Qb3 Bxd3 19. Qxb6 axb6 20. Nxd3 Rec8 21. Rac1
Kf7 22. Nb4 e6 23. Rxc8 Rxc8 24. Rc1 Rxc1+ 25. Bxc1 Ke8 26. Kf2 Nd7 27. g5 Ng8
28. Ke2 Bf8 29. Nc2 Nb8 30. Kd3 Na6 31. Bd2 Kd7 32. Nf1 Kc6 33. Ng3 Kd7 34. h4
h5 35. Ne2 Ne7 36. Kc3 Kc6 37. Nc1 Nc8 38. Nd3 Na7 39. Nc1 Nc8 40. Kd3 Na7 41.
Ne2 Kd7 1/2-1/2

[Event "4NCL/Div1/RIC-BAR2"]
[Site "Rd11-Birmingham"]
[Date "2001.05.07"]
[Round "11.4"]
[White "Rogers, Jonathan"]
[Black "Bates, Richard"]
[Result "1-0"]
[WhiteElo "2329"]
[BlackElo "2372"]
[PlyCount "181"]
[EventDate "2001.05.07"]

1. Nf3 c5 2. b3 d6 3. e3 Nf6 4. Bb5+ Nbd7 5. O-O a6 6. Bxd7+ Qxd7 7. Bb2 b5 8.
a4 Bb7 9. Qe2 b4 10. a5 h5 11. d3 Rh6 12. e4 Rg6 13. Ne1 d5 14. Nd2 h4 15. f4
dxe4 16. dxe4 h3 17. f5 hxg2 18. Nxg2 Rh6 19. Ne3 Rh4 20. Rad1 Qb5 21. Qf2 Rh3
22. Bxf6 gxf6 23. Nd5 Bxd5 24. exd5 Qxa5 25. Nc4 Qb5 26. d6 Rh7 27. Qf3 Ra7 28.
Rfe1 Qb7 29. Rd5 Qa8 30. Nb6 Qb8 31. Nc4 Qa8 32. Qe4 Rg7+ 33. Kf2 Qb8 34. Rxc5
Rd7 35. Qc6 Rg5 36. Rd1 exd6 37. Re1+ Be7 38. Rd5 Qa7+ 39. Kf3 Kf8 40. h4 Rg1
41. Rxg1 Qxg1 42. Qxd7 Qh1+ 43. Ke2 Qg2+ 44. Kd1 Qxd5+ 45. Kc1 Qh1+ 46. Kb2
Qxh4 47. Qc6 Qd4+ 48. Ka2 d5 49. Nb6 Qe4 50. Nxd5 Qxf5 51. Qa8+ Kg7 52. Qg8+
Kh6 53. Qh8+ Kg5 54. Qg7+ Kh5 55. Qxf7+ Kh6 56. Ne3 Qa5+ 57. Kb1 Bd8 58. Nd5
Kg5 59. Qd7 f5 60. Qg7+ Kh4 61. Qh6+ Kg4 62. Qf4+ Kh5 63. Qxf5+ Kh6 64. Qf8+
Kg5 65. Qd6 Kf5 66. Ne3+ Kg5 67. Qe6 Kf4 68. Nd5+ Kg5 69. Qe4 Kh6 70. Nxb4 Bf6
71. c3 Qb6 72. Qc4 Qg1+ 73. Ka2 a5 74. Nd5 Qf2+ 75. Ka3 Qe1 76. Ka4 Qa1+ 77.
Kb5 Bg5 78. Qc6+ Kh5 79. Qe8+ Kg4 80. Qe4+ Kh5 81. Qf5 Kh4 82. Qc2 Qf1+ 83. c4
Qf7 84. Qe4+ Kh5 85. Nb6 Qf8 86. c5 Qf1+ 87. Qc4 Qf5 88. Ka6 Bd8 89. Qd5 Kg4
90. Qxd8 Qxc5 91. Qc8+ 1-0

[Event "4NCL/Div1/RIC-BAR2"]
[Site "Rd11-Birmingham"]
[Date "2001.05.07"]
[Round "11.5"]
[White "Hinks-Edwards, Thomas"]
[Black "Duncan, Chris"]
[Result "1-0"]
[WhiteElo "2253"]
[BlackElo "2307"]
[PlyCount "131"]
[EventDate "2001.05.07"]

1. e4 c5 2. Nc3 Nc6 3. Bb5 Nd4 4. Nf3 Nxb5 5. Nxb5 d6 6. d4 cxd4 7. Qxd4 a6 8.
Nc3 e5 9. Qd3 Nf6 10. Bg5 Be7 11. O-O-O Be6 12. Bxf6 gxf6 13. Nd5 Rc8 14. Nh4
Rc5 15. Nf5 Bxd5 16. exd5 Qa5 17. Kb1 Qa4 18. Ne3 Bd8 19. Rhf1 Qf4 20. g3 Qf3
21. Nf5 Qxd3 22. Rxd3 Kd7 23. f4 Re8 24. Ng7 Rg8 25. Nf5 Re8 26. Ne3 b5 27. c3
a5 28. Kc2 a4 29. a3 exf4 30. Rxf4 Re5 31. Ng4 Re2+ 32. Kc1 h5 33. Nxf6+ Bxf6
34. Rxf6 Ke7 35. Rdf3 Rxd5 36. Rxf7+ Ke8 37. Rf2 Rxf2 38. Rxf2 Ke7 39. Rf4 Ke6
40. Kc2 Re5 41. Kd3 Rd5+ 42. Ke3 Rc5 43. Re4+ Kf6 44. h3 Kf5 45. Kf3 Kf6 46.
Rd4 Ke6 47. g4 hxg4+ 48. hxg4 Kd7 49. Re4 Rd5 50. Re2 Rd1 51. g5 Rf1+ 52. Kg4
Rg1+ 53. Kf5 Rf1+ 54. Kg6 Rg1 55. Kf6 Rf1+ 56. Kg7 Rg1 57. g6 Rg3 58. Kf7 Rf3+
59. Kg8 Rg3 60. g7 Rh3 61. Re4 Rh2 62. Kf7 Rf2+ 63. Kg6 Rg2+ 64. Kf6 Rg1 65.
Re7+ Kd8 66. Ra7 1-0

[Event "4NCL/Div1/RIC-BAR2"]
[Site "Rd11-Birmingham"]
[Date "2001.05.07"]
[Round "11.6"]
[White "Shikerov, Stefan"]
[Black "Webb, Laurence"]
[Result "0-1"]
[WhiteElo "2250"]
[BlackElo "2233"]
[PlyCount "112"]
[EventDate "2001.05.07"]

1. d4 Nf6 2. c4 e6 3. Nc3 Bb4 4. e3 c5 5. Bd3 O-O 6. Nge2 Nc6 7. O-O cxd4 8.
exd4 d5 9. Bf4 dxc4 10. Bxc4 b6 11. Qd3 Na5 12. Bb5 Bd7 13. Ba6 Bc8 14. Bb5 Bd7
15. Rac1 Bxc3 16. Nxc3 Bxb5 17. Nxb5 Nd5 18. Be5 Qd7 19. a3 Rac8 20. Nd6 Rxc1
21. Rxc1 Nb7 22. Nxb7 Qxb7 23. Qc4 Rd8 24. h3 Qd7 25. a4 h6 26. b3 Ne7 27. Qb5
f6 28. Qxd7 Rxd7 29. Bb8 Nf5 30. Rc4 a6 31. Rb4 Rb7 32. g4 Nxd4 33. Rxd4 Rxb8
34. Rd6 Kf7 35. Rd7+ Kg6 36. Rd6 e5 37. Kg2 Rb7 38. h4 h5 39. g5 Kf5 40. gxf6
gxf6 41. Kf3 e4+ 42. Ke3 Ke5 43. Rd8 Rc7 44. Re8+ Kf5 45. Kd4 Rd7+ 46. Kc4 Rd6
47. b4 Kf4 48. b5 axb5+ 49. axb5 Kf3 50. Rc8 f5 51. Rc6 Rd2 52. Rxb6 Rxf2 53.
Kc3 Rf1 54. Kc2 e3 55. Re6 e2 56. Kd2 Rd1+ 0-1

[Event "4NCL/Div1/RIC-BAR2"]
[Site "Rd11-Birmingham"]
[Date "2001.05.07"]
[Round "11.7"]
[White "Thiruchelvam, Murugan"]
[Black "Lewis, Andrew P"]
[Result "1-0"]
[WhiteElo "2168"]
[BlackElo "2228"]
[PlyCount "67"]
[EventDate "2001.05.07"]

1. e4 c5 2. Nf3 d6 3. d4 cxd4 4. Qxd4 a6 5. c4 Nc6 6. Qd2 g6 7. Nc3 Bh6 8. Qc2
Bg7 9. Be2 Bg4 10. Be3 Qa5 11. O-O Bxf3 12. Bxf3 Bd4 13. Qb3 Rc8 14. Qxb7 Qc7
15. Qxa6 Bxc3 16. bxc3 Ne5 17. Be2 Nf6 18. c5 dxc5 19. Bb5+ Kf8 20. Bh6+ Kg8
21. f3 Nfd7 22. Bxd7 Nxd7 23. Rab1 c4 24. Qb7 e6 25. Qxc7 Rxc7 26. Rfd1 f6 27.
Rxd7 Rxd7 28. Rb8+ Kf7 29. Rxh8 Rd1+ 30. Kf2 g5 31. e5 Kg6 32. exf6 Rd2+ 33.
Kg3 Rxa2 34. Bxg5 1-0

[Event "4NCL/Div1/SWD-PP1"]
[Site "Rd11-Birmingham"]
[Date "2001.05.07"]
[Round "11.1"]
[White "Cooper, John"]
[Black "Shaw, John"]
[Result "0-1"]
[WhiteElo "2341"]
[BlackElo "2461"]
[PlyCount "74"]
[EventDate "2001.05.07"]

1. d4 d5 2. c4 c6 3. Nf3 Nf6 4. Nc3 dxc4 5. a4 Na6 6. e4 Bg4 7. Bxc4 e6 8. O-O
Nb4 9. Be3 Be7 10. h3 Bh5 11. Be2 Bg6 12. Nd2 O-O 13. f4 h6 14. Rf3 Rc8 15. f5
exf5 16. exf5 Bh7 17. Nc4 c5 18. dxc5 Bxc5 19. Bxc5 Rxc5 20. Qxd8 Rxd8 21. Ne3
Kf8 22. Raf1 Rd2 23. Ng4 Nbd5 24. Nxd5 Nxd5 25. Bd3 f6 26. b3 Ne7 27. Be4 b6
28. Ne3 Rd4 29. Bc2 Rc3 30. R1f2 Nc6 31. Nc4 Rxf3 32. Rxf3 Nb4 33. Bb1 Bg8 34.
a5 Bxc4 35. bxc4 Rd1+ 36. Rf1 Rxf1+ 37. Kxf1 bxa5 0-1

[Event "4NCL/Div1/SWD-PP1"]
[Site "Rd11-Birmingham"]
[Date "2001.05.07"]
[Round "11.2"]
[White "Mannion, Stephen"]
[Black "Morris, Charles"]
[Result "1-0"]
[WhiteElo "2350"]
[BlackElo "2238"]
[PlyCount "55"]
[EventDate "2001.05.07"]

1. e4 e6 2. d4 d5 3. Nd2 Nf6 4. e5 Nfd7 5. c3 c5 6. f4 Nc6 7. Ndf3 Qb6 8. g3
cxd4 9. cxd4 Bb4+ 10. Kf2 g5 11. fxg5 Ndxe5 12. Nxe5 Nxe5 13. Kg2 Nc6 14. Nf3
Bf8 15. b3 Bg7 16. Bb2 h6 17. Qd2 Qb4 18. Bc3 Qe7 19. Bb5 hxg5 20. Bb4 Qd8 21.
Nxg5 Bd7 22. Bxc6 bxc6 23. Rhf1 f6 24. Qc2 Rh6 25. Qc5 a5 26. Ba3 Rh8 27. Rae1
fxg5 28. Qd6 1-0

[Event "4NCL/Div1/SWD-PP1"]
[Site "Rd11-Birmingham"]
[Date "2001.05.07"]
[Round "11.3"]
[White "Zeidler, Sven"]
[Black "Bryson, Douglas"]
[Result "0-1"]
[WhiteElo "2284"]
[BlackElo "2378"]
[PlyCount "108"]
[EventDate "2001.05.07"]

1. e4 d5 2. exd5 Nf6 3. Be2 Qxd5 4. Nf3 Bg4 5. d4 Nc6 6. c4 Qf5 7. Be3 O-O-O 8.
Nbd2 e5 9. d5 Nb4 10. O-O Nc2 11. Nh4 Nxe3 12. Nxf5 Nxd1 13. Bxg4 Nxg4 14.
Raxd1 g6 15. Ne3 h5 16. Ne4 Be7 17. Rfe1 f5 18. Nc3 e4 19. Nc2 Ne5 20. b3 Bf6
21. Nb5 Nd3 22. Re2 c6 23. dxc6 bxc6 24. Nba3 Nf4 25. Red2 Ne2+ 26. Kf1 Nc3 27.
Rxd8+ Rxd8 28. Rxd8+ Kxd8 29. Nb4 Kd7 30. Nac2 a5 31. Na6 Nxa2 32. Nc5+ Kd6 33.
Nb7+ Kc7 34. Nxa5 Bc3 35. b4 Bxb4 36. Nxb4 Nxb4 37. Ke2 Kd6 38. Nb3 Ke5 39. Kd2
Nd3 40. Ke2 Nf4+ 41. Kf1 Ne6 42. h4 Nd4 43. Na5 Kf4 44. Kg1 Kg4 45. g3 Kf3 46.
c5 e3 47. fxe3 Kxe3 48. Kg2 Ke4 49. Nc4 Kd5 50. Nd6 Kxc5 51. Nf7 Ne6 52. Ne5
Nf8 53. Kf3 Kd5 54. Nd3 Ne6 0-1

[Event "4NCL/Div1/SWD-PP1"]
[Site "Rd11-Birmingham"]
[Date "2001.05.07"]
[Round "11.4"]
[White "Hadzimanolis, Antonios"]
[Black "Saunders, John"]
[Result "0-1"]
[WhiteElo "2291"]
[BlackElo "2199"]
[PlyCount "92"]
[EventDate "2001.05.07"]

1. e4 c5 2. c3 d5 3. exd5 Qxd5 4. d4 cxd4 5. cxd4 g6 6. Nc3 Qd8 7. Bf4 Bg7 8.
Bxb8 Rxb8 9. Qa4+ Bd7 10. Qxa7 Ra8 11. Qc5 Rc8 12. Qb4 Nh6 13. Nf3 O-O 14. Be2
Bc6 15. Rd1 e6 16. O-O Nf5 17. Ne5 Qc7 18. Nxc6 bxc6 19. Qc4 Rfd8 20. b4 Nxd4
21. Bd3 Qf4 22. Ne4 Be5 23. Ng3 Ra8 24. Rde1 Ra3 25. Re4 Qf6 26. Bb1 Bc7 27.
Qc1 Ra7 28. Qc5 Rb7 29. a4 Rd5 30. Qc4 Bd6 31. b5 Bc5 32. bxc6 Nxc6 33. Ba2 Rb2
34. Re2 Rxe2 35. Qxe2 Re5 36. Qd2 h5 37. Bb1 Qh4 38. Bc2 Qc4 39. Qd3 Qb4 40.
Ne4 Be7 41. Rb1 Qa5 42. Qd7 Qd5 43. Qxe7 Nxe7 44. Nf6+ Kf8 45. Rb8+ Kg7 46.
Nxd5 Re1# 0-1

[Event "4NCL/Div1/SWD-PP1"]
[Site "Rd11-Birmingham"]
[Date "2001.05.07"]
[Round "11.5"]
[White "James, David J"]
[Black "Swanson, Stephen"]
[Result "1-0"]
[WhiteElo "2238"]
[BlackElo "2273"]
[PlyCount "153"]
[EventDate "2001.05.07"]

1. d4 d6 2. e4 g6 3. c4 Bg7 4. Be3 Nc6 5. Nc3 e5 6. Nge2 exd4 7. Nxd4 Nge7 8.
Be2 O-O 9. Qd2 f5 10. exf5 Nxf5 11. Nxf5 Bxf5 12. O-O Ne5 13. Bg5 Qd7 14. Bh6
Bxh6 15. Qxh6 Rae8 16. Rad1 Bg4 17. f3 Be6 18. b3 Qg7 {(=)} 19. Qd2 g5 20. Ne4
h6 21. f4 Rxf4 22. Rxf4 gxf4 23. Qxf4 Rf8 24. Qe3 b6 25. Nc3 a5 26. Nd5 Bxd5
27. cxd5 Qg5 28. Qc3 Rf7 29. Rf1 Rxf1+ 30. Bxf1 Ng4 31. h3 Qe3+ 32. Qxe3 Nxe3
33. Bc4 Kg7 34. Kf2 Nd1+ 35. Kf3 a4 36. bxa4 Nb2 37. Bb5 Nd1 38. Ke4 Kf6 39.
Kd4 Kg5 40. Be2 Nb2 41. a5 bxa5 42. g3 Na4 43. Kc4 Nb6+ 44. Kb5 Nxd5 45. Kxa5
Nc3 46. Bc4 c5 47. a3 Kf5 48. Bd3+ Ke5 49. Bc2 c4 50. Kb4 Kd4 51. a4 Na2+ 52.
Ka3 Nc3 53. g4 d5 54. h4 Ke5 55. a5 Nb5+ 56. Kb4 Nc7 57. g5 hxg5 58. hxg5 Kd6
59. g6 Ne6 60. Bf5 Ng7 61. Bg4 Kc6 62. Bh3 Nh5 63. a6 Kb6 64. Bc8 Ng7 65. Kc3
Nh5 66. Kd4 Ng7 67. Bb7 Ne6+ 68. Kc3 Ng7 69. Bxd5 Kxa6 70. Kxc4 Kb6 71. Kd4 Kc7
72. Ke5 Kd8 73. Kf6 Ne8+ 74. Kf7 Nd6+ 75. Kf8 Ne8 76. Be6 Nc7 77. Bf7 1-0

[Event "4NCL/Div1/SWD-PP1"]
[Site "Rd11-Birmingham"]
[Date "2001.05.07"]
[Round "11.6"]
[White "Smith, Andrew P"]
[Black "Spice, Alan"]
[Result "0-1"]
[WhiteElo "2252"]
[BlackElo "2193"]
[PlyCount "64"]
[EventDate "2001.05.07"]

1. e4 e6 2. d4 d5 3. Nc3 Nf6 4. e5 Nfd7 5. Qh5 c5 6. Nf3 cxd4 7. Nxd4 g6 8. Qg4
Nxe5 9. Qg3 Nbc6 10. Nxc6 Nxc6 11. Bf4 Bg7 12. Bc7 Bxc3+ 13. Qxc3 d4 14. Qg3
Qd5 15. Bd3 e5 16. f3 Bf5 17. Bxf5 gxf5 18. O-O Kd7 19. c4 Qe6 20. Bxe5 Qxe5
21. Qh4 Qe3+ 22. Kh1 Rag8 23. b4 Qd2 24. Qh3 Kc7 25. b5 Ne5 26. Rad1 Qb2 27.
Rg1 Rg5 28. Qh4 Rhg8 29. Qf4 f6 30. Rd2 Qc3 31. h4 Rh5 32. Rxd4 Rg4 0-1